000 02218nam a2200337 i 4500
001 000046001
003 DO-SdBNP
005 20241113103519.0
007 ta
008 150610s2015 dr ac 000 0 spa d
020 _a9789945586299 (v. 1)
020 _a9789945586305 (v. 2)
040 _aDO-SdBNP
_bspa
_cBNPHU
_erda
082 4 _axxxx
_bD473f
_222
100 1 _aDespradel, Fidelio,
_d1937-
_eautor
_4aut.
_974070
245 1 0 _aFidelio :
_bmemorias de un revolucionario /
_cFidelio Despradel ; edición, William Capellán Ferrera.
264 4 _aSanto Domingo :
_bEditora Archivo General de la Nación,
_c2015.
300 _avolumen
_bilustraciones, retratos ;
_c27 cm.
336 _atexto
_btxt
_2rdacontent
337 _asin mediación
_bn
_2rdamedia
338 _avolumen
_bnc
_2rdacarrier
490 1 _aArchivo General de la Nación
_v233
500 _aIncluye índice onomástico
500 _aIncluye datos biográficos del autor en las solapas.
505 0 _aLa batalla de los inocentes, 1963: antesala de nueva restauración /
_gvolumen 1 --
_tPresentación --
_tMi bautismo de fuego --
_tUna especie de ambientación --
_gLa batalla de los inocentes --
_t1a. parte: Los Despradel --
_t2a. parte: A golpe de heroísmo --
_t3a. parte: En misión de contacto --
_t4a. parte: Son derribadas las compuertas --
_g1963: antesala de una nueva restauración --
_t5a. parte: Profundizamos línea antiimperialista --
_t6a. parte: ¡El gran desafío: 14 de junio 1962! --
_t7a. parte: Bosch presidente constitución 1963. Golpe de estado --
_t8a. parte: La guerrilla que señaló un horizonte --
_t9a. parte: De nuevo preso --
_t10a. parte: Esposados en un avión --
_t11a. parte: De nuevo en la patria --
_tÍndice onomástico /
505 0 _a1865-1965: La nueva restauración--
_tContrarrevolución en marcha --
_tPrimera parte. Francis se despide--
_tPor un nuevo rumbo.
_tsegunda parte. Un alto... Una reflexión...Un nuevo camino--
_tTercera parte. La revista teórica marxista Nuevo Rumbo--
_tLa Familia: Un factor fudamental--
_tAnexos--
_tíndice onomástico.
590 _aInventariado, 2024/BT
700 1 2 _aCapellán Ferrera, William,
_eed.
_974071
830 0 _aArchivo General de la Nación.
_n233
_974072
942 _2ddc
_cLBS1
999 _c45490
_d45490